000 00535nam a2200157 a 4500
008 120416s2004 ||||||||||||||||| || u
020 _a0815341571
050 _aQH 315.M63 Min
100 _aMinkoff, Eli C
245 1 0 _aBiology today: an issues approach
260 _aNew York
_bGarland Science Publishers
_c2004
300 _axv, 752p. : ill.
350 _a0.00
650 0 _aBIOLOGY
995 _D0.00
_FCBU-MAIN LIBRARY (Kitwe)
_H1
_I0.00
_M1
_UDAMAGED
_ZMain Library Open Access Collection
999 _c35924
_d35924